| 000 | 00564cam a22002053a 4500 | ||
|---|---|---|---|
| 001 | 40776 | ||
| 003 | PGUSA | ||
| 005 | 20140828083918.0 | ||
| 008 | 120916s2012||||xxu|||||s|||||000 | eng d | ||
| 040 |
_aPGUSA _beng |
||
| 042 | _adc | ||
| 100 | 1 |
_aGordon, Cora, _d1879-1950 |
|
| 245 | 1 | 0 |
_aPoor Folk in Spain _h[electronic resource] / _cCora Gordon |
| 260 |
_bProject Gutenberg, _c2012 |
||
| 506 | _aPublic domain in the USA. | ||
| 516 | _aElectronic text | ||
| 830 | 0 |
_aProject Gutenberg _v40776 |
|
| 856 | 4 | 0 | _uhttp://www.gutenberg.org/ebooks/40776 |
| 942 | _cEB | ||
| 999 |
_c270028 _d270028 |
||